Statistics for CERN Full Member Countries

Click here to take the quiz!

General Stats

  • This quiz has been taken 39 times
  • The average score is 18 of 21

Answer Stats

Country% Correct
United Kingdom
100%
Spain
97%
Sweden
97%
Denmark
94%
Finland
94%
France
94%
Germany
94%
Italy
94%
Switzerland
94%
Belgium
91%
Norway
91%
Portugal
91%
Austria
89%
Netherlands
89%
Greece
86%
Poland
86%
Czech Republic
80%
Hungary
80%
Bulgaria
66%
Slovakia
51%
Israel
34%

Score Distribution

Percentile by Number Answered

Percent of People with Each Score

Your Score History

You have not taken this quiz